|
|
|
|
| LEADER |
00669nam a22002052a 4500 |
| 001 |
001416040 |
| 003 |
CZ BrMZK |
| 005 |
20140831204954.0 |
| 007 |
ta |
| 008 |
140831s1961 gw a er|||||||||||ger d |
| 040 |
|
|
|a BOA001
|b cze
|
| 100 |
1 |
|
|a Bartel, Walter,
|d 1904-1992
|7 xx0092542
|4 aut
|
| 245 |
1 |
4 |
|a Ein Held der Nation :
|b Aus dem Leben Ernst Thälmanns /
|c Walter Bartel ; Illustration von Klaus Weber
|
| 260 |
|
|
|a Berlin :
|b Neues Leben,
|c 1961
|
| 300 |
|
|
|a 146 s. :
|b il.
|
| 504 |
|
|
|a Obsahuje bibliografii
|
| 910 |
|
|
|a BOA001
|b 2-0457.700
|
| 990 |
|
|
|a BK
|
| 991 |
|
|
|b 201408
|
| 996 |
7 |
|
|b 2619081950
|c 2-0457.700
|l MZK
|r Sklad / do 24 hodin
|n 0
|w 001451166
|u 000010
|a 1
|e BOA001
|j MZK50
|s A
|